000 00382nam a2200145Ia 4500
008 240729s9999 xx 000 0 und d
022 _a2146-8052
245 0 _aGülhane Tıp Dergisi
260 _aTürkiye
260 _bGalenos Publishing House
650 _aMedicine
856 _uhttps://doaj.org/toc/c50046b860e34246b6b04934eb43f250
942 _2ddc
942 _cDOAJEJ
999 _c74567
_d74567
945 _a1
_bMadushi Gamage
_c1
_dMadushi Gamage